Missing Word: Eagles A-Z Quiz Stats

Quiz Updated Jul 16, 2016

Challenge
Share
Tweet
Embed
Score 0/22 Timer 05:00
0 Plays Today
Song Title Missing Word % Correct
Hotel ______California
97.6%
Life in the ______ LaneFast
97.2%
New ______ in TownKid
96.5%
Business as ______Usual
94.5%
Tequila ______Sunrise
94.3%
Take it ______Easy
91.4%
One of These ______Nights
91.2%
James ______Dean
80.9%
______ Day in HellGood
76.4%
______ of My LoveBest
76.2%
______ Easy FeelingPeaceful
73.4%
Song Title Missing Word % Correct
______ EyesLyin'
72%
Pretty ______ All in a RowMaids
68.7%
______ WomanWitchy
67.7%
______ GoneAlready
64.7%
______ TonightHeartache
51.9%
After the ______ is GoneThrill
43.2%
______ of LoveVictim
33.7%
The Girl From ______Yesterday
24.3%
The Last ______Resort
22.1%
______ of the SorcererJourney
16.6%
______ ManOutlaw
8.5%

Today's Daily Dose

You're not logged in!

Compare scores with friends on all Sporcle quizzes.
Sign Up with Email
OR
Log In

You Might Also Like...

Show Comments

Extras

Top Quizzes Today


Score Distribution

Your Account Isn't Verified!

In order to create a playlist on Sporcle, you need to verify the email address you used during registration. Go to your Sporcle Settings to finish the process.